Loading...
| History - American | 0 | 2 | 0 | 0 | 20 | 81 | 90.00 | 0 | 0 | 4.95 | 8.18 |
| Fine Arts - Other | 0 | 1 | 0 | 1 | 10 | 103 | 103.00 | 0 | 0 | 1.16 | 3.41 |
| Fine Arts - Painting and Sculpture | 0 | 1 | 0 | 0 | 10 | 80 | 80.00 | 0 | 1 | 2.98 | 6.82 |
| Current Events | 0 | 1 | 0 | 0 | 10 | 87 | 87.00 | 0 | 0 | 10.85 | 13.33 |
| Religion | 0 | 1 | 0 | 0 | 10 | 96 | 96.00 | 0 | 1 | 1.76 | 7.95 |
| Literature - British | 0 | 0 | 0 | 0 | 0 | 0.00 | 0 | 0 | 0.00 | 0.00 | |
| Fine Arts - Classical Music | 0 | 0 | 0 | 0 | 0 | 0.00 | 0 | 0 | 0.00 | 0.00 | |
| Literature - American | 0 | 0 | 1 | 0 | -5 | 0.00 | 0 | 0 | 0.00 | 0.00 | |
| Social Science | 0 | 0 | 1 | 0 | -5 | 0.00 | 0 | 0 | 0.00 | 0.00 |